Sports Quiz

Random Sports or Board Games Quiz

LCS Game 1 Starting Pitchers Quiz Stats

 Plays Quiz not verified by Sporcle

Score 0/164 Timer 12:00
0 Plays Today
Year Pitcher % Correct
1993Curt Schilling
96.9%
2004Curt Schilling
96.9%
1986Roger Clemens
90.6%
1990Roger Clemens
90.6%
2001Randy Johnson
90.6%
2007CC Sabathia
90.6%
2009CC Sabathia
90.6%
2010CC Sabathia
90.6%
1995Dennis Martinez
87.5%
2008Cole Hamels
84.4%
2009Cole Hamels
84.4%
2010Roy Halladay
84.4%
2010Tim Lincecum
84.4%
1988Dave Stewart
81.3%
1989Dave Stewart
81.3%
1989Greg Maddux
81.3%
1990Dave Stewart
81.3%
1991Tom Glavine
81.3%
1992Dave Stewart
81.3%
1992John Smoltz
81.3%
1996Andy Pettitte
81.3%
1995Tom Glavine
81.3%
1996John Smoltz
81.3%
1997Greg Maddux
81.3%
1998John Smoltz
81.3%
1999Greg Maddux
81.3%
2001Andy Pettitte
81.3%
2001Greg Maddux
81.3%
2005Andy Pettitte
81.3%
2006Tom Glavine
81.3%
1977Tommy John
78.1%
1981Tommy John
78.1%
1982Tommy John
78.1%
1984Jack Morris
78.1%
1988Orel Hershiser
78.1%
1991Jack Morris
78.1%
1992Jack Morris
78.1%
1997Kevin Brown
78.1%
2002Matt Morris
78.1%
1986Dwight Gooden
75%
1988Dwight Gooden
75%
1999Orlando Hernandez
75%
2003Josh Beckett
75%
2005Chris Carpenter
75%
2007Josh Beckett
75%
1987Frank Viola
71.9%
1993Steve Avery
71.9%
1976Steve Carlton
68.8%
1977Steve Carlton
68.8%
1980Steve Carlton
68.8%
1983Steve Carlton
68.8%
1998David Wells
68.8%
2008James Shields
68.8%
1971Vida Blue
65.6%
1972Catfish Hunter
65.6%
Year Pitcher % Correct
1973Jim Palmer
65.6%
1973Vida Blue
65.6%
1974Catfish Hunter
65.6%
1976Catfish Hunter
65.6%
1979Jim Palmer
65.6%
1991Doug Drabek
65.6%
1992Doug Drabek
65.6%
2003Mike Mussina
65.6%
2004Mike Mussina
65.6%
2008Derek Lowe
65.6%
1980Ron Guidry
62.5%
1969Tom Seaver
59.4%
1973Tom Seaver
59.4%
1979Nolan Ryan
59.4%
1979Tom Seaver
59.4%
2000Mike Hampton
59.4%
2006Jeff Weaver
59.4%
1969Phil Niekro
56.3%
1974Don Sutton
56.3%
1985Dave Stieb
56.3%
1989Dave Stieb
56.3%
2009Clayton Kershaw
56.3%
2010C.J. Wilson
56.3%
1985John Tudor
53.1%
2006Barry Zito
53.1%
2007Jeff Francis
53.1%
2009Jon Lackey
53.1%
1985Fernando Valenzuela
50%
1986Mike Scott
50%
1993Juan Guzman
50%
2003Tim Wakefield
50%
2005Jose Contreras
50%
1969Mike Cuellar
46.9%
1970Mike Cuellar
46.9%
1971Dave McNally
46.9%
1974Mike Cuellar
46.9%
1984Rick Sutcliffe
46.9%
1990Jose Rijo
46.9%
1993Jack McDowell
46.9%
1969Jim Perry
43.8%
1970Jim Perry
43.8%
1971Gaylord Perry
43.8%
1975Luis Tiant
43.8%
1998Jaret Wright
43.8%
2003Carlos Zambrano
43.8%
2007Brandon Webb
43.8%
1972Don Gullett
40.6%
1975Don Gullett
40.6%
1976Don Gullett
40.6%
1977Don Gullett
40.6%
1970Gary Nolan
37.5%
1983LaMarr Hoyt
37.5%
1996Scott Erickson
37.5%
1997Scott Erickson
37.5%
2000Darryl Kile
37.5%
Year Pitcher % Correct
2002Kevin Appier
37.5%
2006Nate Robertson
37.5%
1970Dock Ellis
34.4%
1972Mickey Lolich
34.4%
1974Jerry Reuss
34.4%
1975Jerry Reuss
34.4%
1983Jerry Reuss
34.4%
1984Eric Show
34.4%
2008Daisuke Matsuzaka
34.4%
1971Steve Blass
31.3%
1972Steve Blass
31.3%
1979John Candelaria
31.3%
1980Ken Forsch
31.3%
1982Bob Forsch
31.3%
1987Doyle Alexander
31.3%
1987Rick Reuschel
31.3%
1988Bruce Hurst
31.3%
2000Freddy Garcia
31.3%
2002Kirk Rueter
31.3%
1973Jack Billingham
28.1%
1976Larry Gura
28.1%
1975Ken Holtzman
28.1%
1978Dennis Leonard
28.1%
1978Burt Hooton
28.1%
1980Larry Gura
28.1%
1981Burt Hooton
28.1%
1982Mike Caldwell
28.1%
1983Scott McGregor
28.1%
1985Charlie Leibrandt
28.1%
1986Mike Witt
28.1%
2000Denny Neagle
28.1%
1977Paul Splittorff
25%
1984Bud Black
25%
1990Bob Walk
25%
1997Chad Ogea
25%
1998Andy Ashby
25%
1982Pascual Perez
21.9%
1989Scott Garrelts
21.9%
2004Woody Williams
21.9%
2005Paul Byrd
21.9%
1996Andy Benes
18.8%
1981Mike Norris
15.6%
1981Bill Gullickson
15.6%
1995Pete Schourek
15.6%
1978Larry Christenson
12.5%
1999Kent Mercker
12.5%
2001Aaron Sele
12.5%
2002Joe Mays
12.5%
2004Brandon Backe
12.5%
1991Tom Candiotti
9.4%
1978Jim Beattie
6.3%
1987Greg Mathews
3.1%
1995Bob Wolcott
3.1%
1999Masato Yoshi
3.1%

You're not logged in!

Compare scores with friends on all Sporcle quizzes.
OR
Log In

Show Comments

Extras

Top Quizzes Today


Score Distribution

Your Account Isn't Verified!

In order to create a playlist on Sporcle, you need to verify the email address you used during registration. Go to your Sporcle Settings to finish the process.

Report this User

Report this user for behavior that violates our Community Guidelines.

Details: